| 000 | 00941nam a2200385Ia 4500 | ||
|---|---|---|---|
| 001 | 1021 | ||
| 005 | 20240113233440.0 | ||
| 007 | ta | ||
| 008 | 050129s1993 g b000 u asm u | ||
| 020 | _cHB | ||
| 040 | _aCotton College,Assam | ||
| 041 | _aasm | ||
| 082 |
_a891.414 _bNe 35 Ma |
||
| 100 | _aNeog , Maheswar . | ||
| 245 | 0 |
_aMaheswar Neog Rachanavali / _cMaheswar Neog. _hTextual Documents |
|
| 260 |
_aGuwahati : _bChandra Prakash , _c1993. |
||
| 300 |
_a1058p. ; _c24cm.. |
||
| 362 | _aVol. III- | ||
| 500 | _a26/Ref/Ass | ||
| 653 | _aEssay - Maheswar Neog | ||
| 653 | _aAssamese Literature-Collections | ||
| 653 | _aG-Assamese | ||
| 942 |
_2ddc _cBK |
||
| 999 |
_c1019 _d1019 |
||